El sapito Colocoy : (Record no. 204700)

MARC details
000 -CABECERA
campo de control de longitud fija 00771cam a2200241 u 4500
003 - IDENTIFICADOR DEL NÚMERO DE CONTROL
campo de control MX-MxUPN
005 - FECHA Y HORA DE LA ÚLTIMA TRANSACCIÓN
campo de control 20240412063641.0
008 - ELEMENTOS DE LONGITUD FIJA--INFORMACIÓN GENERAL
campo de control de longitud fija 190904s2004 a br 000 j spa d
020 ## - NÚMERO INTERNACIONAL NORMALIZADO PARA LIBROS
Número Internacional Estándar del Libro 9803293516
035 ## - NÚMERO DE CONTROL DEL SISTEMA
Número de control de sistema UPN01000232605
040 ## - FUENTE DE LA CATALOGACIÓN
Centro catalogador/agencia de origen MX-MxUPN
Lengua de catalogación spa
050 #4 - SIGNATURA TOPOGRÁFICA DE LA BIBLIOTECA DEL CONGRESO
Número de clasificación PZ74.1
Número de documento/Ítem S27 2000
245 03 - MENCIÓN DE TÍTULO
Título El sapito Colocoy :
Resto del título cuento araucano
260 ## - PUBLICACIÓN, DISTRIBUCIÓN, ETC.
Lugar de publicación, distribución, etc. [Lugar de publicación no identificado] :
Nombre del editor, distribuidor, etc. Lecturas Felices,
Fecha de publicación, distribución, etc. [200?]
300 ## - DESCRIPCIÓN FÍSICA
Extensión [17] páginas :
Otras características físicas ilustraciones a color
490 0# - MENCIÓN DE SERIE
Mención de serie Leyendas y cuentos latinoamericanos
650 #4 - ASIENTO SECUNDARIO DE MATERIA - TERMINO TEMATICO
9 (RLIN) 51498
Término de materia o nombre geográfico como elemento de entrada Cuentos araucanos
650 #4 - ASIENTO SECUNDARIO DE MATERIA - TERMINO TEMATICO
Término de materia o nombre geográfico como elemento de entrada Sapos
Subdivisión de forma Cuentos y leyendas
9 (RLIN) 12202
700 1# - ASIENTO SECUNDARIO--NOMBRE DE PERSONAL
9 (RLIN) 51499
Nombre de persona Cuero, Francisco
Término indicativo de función/relación ilustración
902 ## - ELEMENTOS DE DATOS B LOCAL, LDB (RLIN)
Modificó VíctorGodínez/110424
942 ## - ELEMENTOS DE PUNTO DE ACCESO ADICIONAL (KOHA)
Fuente del sistema de clasificación o colocación Library of Congress Classification
Tipo de ítem Koha Libro
Holdings
Estado de retiro Estado de pérdida Fuente del sistema de clasificación o colocación Estado dañado No para préstamo Código de colección Localización permanente Ubicación/localización actual Ubicación en estantería Fecha de adquisición Clasificación Código de barras Fecha visto por última vez Tipo de ítem Koha
    Library of Congress Classification     Infantil Bib. Gregorio Torres Quintero Bib. Gregorio Torres Quintero Sala infantil Planta baja 11/05/2023 PZ74.1 S27 2000 319451 31/12/2020 Libro